000 00485nam a2200169Ia 4500
999 _c12080
_d12080
003 OSt
005 20210209112842.0
008 190216s9999||||xx |||||||||||||| ||und||
040 _coclc
082 _a291
_bGAN/A
100 1 _aGandhi, Mahatma
_922
_d1869-1948
245 0 _aAll Religions Are True /
_cMahatma Gandhi
260 _bPearl Publications,
_c1962.
_aBombay:
300 _a253p
650 _aEnglish Stories
942 _cBK
_2ddc
_h291
_iGAN/A
_k291
_mGAN/A